Z rozhodnutí Najvyššieho súdu Slovenskej republiky vo veciach daní - rozsudok č. 4 Sž 57//1997
Následky nesprávneho uplatňovania nárokov proti rozhodnutiam orgánov verejnej správy - teda aj daňových orgánov podľa príslušných ustanovení Občianskeho súdneho poriadku v rámci ustanovení 244 až 250s Občianskeho súdneho poriadku o správnom súdnictve.
Salvato in:
| Autore principale: | |
|---|---|
| Natura: | Capitolo di libro |
| Lingua: | slovacco |
| Soggetti: | |
| Tags: |
Nessun Tag, puoi essere il primo ad aggiungerne!!
|
MARC
| LEADER | 00000naa a2200000 4500 | ||
|---|---|---|---|
| 001 | r033052 | ||
| 005 | 20230911132001.5 | ||
| 041 | 0 | |a slo | |
| 044 | |a SK | ||
| 245 | 1 | 0 | |a Z rozhodnutí Najvyššieho súdu Slovenskej republiky vo veciach daní - rozsudok č. 4 Sž 57//1997 |c Anna Schultzová |
| 520 | |a Následky nesprávneho uplatňovania nárokov proti rozhodnutiam orgánov verejnej správy - teda aj daňových orgánov podľa príslušných ustanovení Občianskeho súdneho poriadku v rámci ustanovení 244 až 250s Občianskeho súdneho poriadku o správnom súdnictve. | ||
| 610 | 2 | 0 | |a dane |
| 610 | 2 | 0 | |a daňovníci |
| 610 | 2 | 0 | |a oslobodenie od daní |
| 610 | 2 | 0 | |a orgány finančné |
| 610 | 2 | 0 | |a orgány štátne |
| 610 | 2 | 0 | |a poriadok súdny občiansky |
| 610 | 2 | 0 | |a Slovensko |
| 610 | 2 | 0 | |a zákony |
| 610 | 2 | 0 | |a 1997 |
| 610 | 2 | 0 | |a Najvyšší súd SR Bratislava |
| 100 | 1 | |a Schultzová, Anna | |